00350 2200121 4500001002100000005001500021035002000036245007700056100004000133300001200173260003100185990001200216INLIS00000000000214420250527113459 a0010-05250004361 aBolih Dan Induktif Statis Edisi 3 /cMuray R. Soieqel, Larry J. Stephens0 aMuray R. Soieqel, Larry J. Stephens a429 hlm aJakarta :bErlangga,c2004 a0712690